000 00289nam a22001337a 4500
008 170914b xxu||||| |||| 00| 0 eng d
020 _a0847805964
041 _aeng
080 _a7
100 _a44
101 _aART
245 _aTHE AGE OF CARAVAGGIO
_cMONTEBELLO, P
942 _2udc
_cBK
999 _c27526
_d27526